| Tag |
First Indicator |
Second Indicator |
Subfields |
| LEADER |
00000cam a2200000 i 4500 |
| 001 |
in00004635283 |
| 006 |
m o d |
| 007 |
cr cnu---unuuu |
| 008 |
180904s2018 enk ob 001 0 por d |
| 005 |
20230103223428.8 |
| 035 |
|
|
|a (OCoLC)on1050437880
|
| 040 |
|
|
|a JSTOR
|b eng
|e rda
|e pn
|c JSTOR
|d MERER
|d ICN
|d SOI
|d OCLCF
|d EZ9
|d ERL
|d LOA
|d U3W
|d LVT
|d VT2
|d OCLCO
|d OCLCQ
|
| 020 |
|
|
|a 9781787354777
|q (electronic bk.)
|
| 020 |
|
|
|a 1787354776
|q (electronic bk.)
|
| 035 |
|
|
|a (OCoLC)1050437880
|
| 037 |
|
|
|a 22573/ctv54d45n
|b JSTOR
|
| 041 |
1 |
|
|a por
|h eng
|
| 043 |
|
|
|a s-bl---
|
| 050 |
|
4 |
|a HN290.Z9
|
| 072 |
|
7 |
|a LAN
|x 004000
|2 bisacsh
|
| 072 |
|
7 |
|a SOC
|x 002000
|2 bisacsh
|
| 072 |
|
7 |
|a SOC
|x 002010
|2 bisacsh
|
| 072 |
|
7 |
|a SOC
|x 022000
|2 bisacsh
|
| 072 |
|
7 |
|a SOC
|x 052000
|2 bisacsh
|
| 072 |
|
7 |
|a YAN
|x 052020
|2 bisacsh
|
| 082 |
0 |
4 |
|a 303.483
|2 23
|
| 049 |
|
|
|a TXAM
|
| 100 |
1 |
|
|a Spyer, Juliano,
|e author.
|
| 240 |
1 |
0 |
|a Social media in emergent Brazil.
|l Portuguese
|
| 245 |
1 |
0 |
|a Mídias sociais no Brasil emergente :
|b como a internet afeta a mobilidade social /
|c Juliano Spyer ; tradução do original em inglês: Julia Martins Barbosa.
|
| 264 |
|
1 |
|a London :
|b UCL Press,
|c 2018.
|
| 300 |
|
|
|a 1 online resource
|
| 336 |
|
|
|a text
|b txt
|2 rdacontent
|
| 337 |
|
|
|a computer
|b c
|2 rdamedia
|
| 338 |
|
|
|a online resource
|b cr
|2 rdacarrier
|
| 504 |
|
|
|a Includes bibliographical references and index.
|
| 588 |
0 |
|
|a PDF (JSTOR, viewed September 4, 2018).
|
| 650 |
|
0 |
|a Internet and the poor
|z Brazil.
|
| 650 |
|
0 |
|a Social media
|z Brazil.
|
| 650 |
|
0 |
|a Social media
|x Economic aspects
|z Brazil.
|
| 650 |
|
0 |
|a Digital divide
|z Brazil.
|
| 650 |
|
6 |
|a Médias sociaux
|z Brésil.
|
| 650 |
|
6 |
|a Médias sociaux
|x Aspect économique
|z Brésil.
|
| 650 |
|
6 |
|a Fossé numérique
|z Brésil.
|
| 650 |
|
7 |
|a LANGUAGE ARTS & DISCIPLINES
|x Communication Studies.
|2 bisacsh
|
| 650 |
|
7 |
|a Digital divide.
|2 fast
|0 (OCoLC)fst00893667
|
| 650 |
|
7 |
|a Internet and the poor.
|2 fast
|0 (OCoLC)fst01738859
|
| 650 |
|
7 |
|a Social media.
|2 fast
|0 (OCoLC)fst01741098
|
| 650 |
|
7 |
|a Social media
|x Economic aspects.
|2 fast
|0 (OCoLC)fst01767769
|
| 651 |
|
7 |
|a Brazil.
|2 fast
|0 (OCoLC)fst01206830
|
| 655 |
|
7 |
|a Electronic books.
|2 local
|
| 700 |
1 |
|
|a Barbosa, Julia Martins,
|e translator.
|
| 710 |
2 |
|
|a JSTOR (Organization)
|
| 856 |
4 |
0 |
|u https://www.jstor.org/stable/10.2307/j.ctv550d07
|z Connect to the full text of this electronic book
|t 0
|
| 955 |
|
|
|a JSTOR Open Access ebooks
|
| 994 |
|
|
|a 92
|b TXA
|
| 999 |
f |
f |
|s 69ab13ca-d4ab-43d1-9de3-e5234ecbd0f9
|i d6c640f7-52e8-4646-a019-54e81db71722
|t 0
|
| 952 |
f |
f |
|a Texas A&M University
|b College Station
|c Electronic Resources
|d Available Online
|t 0
|e HN290.Z9
|h Library of Congress classification
|
| 998 |
f |
f |
|a HN290.Z9
|t 0
|l Available Online
|